Simplified Movie Characters Quiz Stats

 Plays Quiz Updated Sep 23, 2014

Challenge
Share
Tweet
Score 0/25 Timer 06:00
4 Plays Today
Character % Correct
The Joker
98.9%
Harry Potter
94.2%
Austin Powers
88.5%
Wolverine
88.1%
Dorothy Gale
82.5%
Mary Poppins
79.1%
Willy Wonka
77.3%
Rocky Balboa
75.3%
Neo
71.8%
Frodo Baggins
69.2%
The Terminator
69.1%
Napoleon Dynamite
68.7%
Mrs. Euphegenia Doubtfire
62%
Character % Correct
Ron Burgundy
61.2%
Nacho/Ignacio
61.1%
Don Vito Corleone
57.2%
Agent J
53.1%
Marty McFly
51.8%
Han Solo
40.3%
King Leonidas
37.6%
John Mcclane
29%
Jules Winnfield
23.9%
Ellis Boyd 'Red' Redding
22.9%
Danny Zuko
21%
Brian Cohen
14.1%

You're not logged in!

Compare scores with friends on all Sporcle quizzes.
OR
Log In

You Might Also Like...

Show Comments

Extras

Top Quizzes Today


Score Distribution

Your Account Isn't Verified!

In order to create a playlist on Sporcle, you need to verify the email address you used during registration. Go to your Sporcle Settings to finish the process.

Report this User

Report this user for behavior that violates our Community Guidelines.

Details: